000 00606nam a2200277Ia 4500
005 20260324124828.0
008 008 260324s9999 xx 000 0 eng d
020 _a9780203641095
037 _aEBOOK
040 _aCRL
040 _beng
040 _cCRL
041 _2eng
041 _aeng
084 _qCRL
100 _aAndrew Herod
_91175650
245 0 _aScale
260 _bTaylor and Francis
260 _c2010
365 _a
365 _b255
856 _uhttp://www.taylorfrancis.com/books/9780203641095
942 _cEBOOK
999 _c1770388
_d1770388